000
00323nam a22001337a 4500
008
170601b xxu||||| |||| 00| 0 eng d
020
_a
9781557860675
041
_a
eng
080
_a
94(100)
100
_a
17
101
_a
SHH
245
_a
COERCION,CAPITAL, AND EUROPEAN STATES, AD 990-1990
_c
TILLY, CH
942
_2
udc
_c
BK
999
_c
15180
_d
15180